Religion Quiz

Random Religion or Country Quiz

Countries with Cardinals Quiz Stats

 Plays Quiz not verified by Sporcle

Score 0/63 Timer 08:00
0 Plays Today
Number of Cardinals Country % Correct
1Puerto Rico
99.4%
16United States
99.4%
47Italy
98.3%
8Brazil
96.1%
11Spain
95.6%
2Portugal
95%
10France
93.9%
6Germany
93.9%
4Mexico
93.9%
4Argentina
93.4%
3Canada
93.4%
2United Kingdom
91.7%
8Poland
91.2%
3Australia
87.3%
2Chile
87.3%
1Ireland
87.3%
2Colombia
86.7%
1Hong Kong
86.2%
1South Africa
86.2%
1Austria
85.6%
1Venezuela
85.6%
1Peru
82.9%
1Netherlands
80.7%
1New Zealand
80.7%
3Switzerland
80.1%
6India
78.5%
1Belgium
77.9%
1Czech Republic
75.7%
1Slovenia
75.7%
2Slovakia
74.6%
1Bolivia
73.5%
3Philippines
73.5%
Number of Cardinals Country % Correct
2Hungary
72.9%
1Cuba
72.4%
2Nigeria
71.3%
1Croatia
69.6%
1Guatemala
68.5%
1Honduras
66.9%
1Indonesia
66.9%
1South Korea
66.3%
2Ukraine
63.5%
1Nicaragua
63%
1Lithuania
60.2%
1Vietnam
59.1%
1Kenya
58.6%
1Thailand
58.6%
1Latvia
58%
1Ghana
56.4%
1Dominican Republic
51.9%
1Iraq
49.2%
1Bosnia and Herzegovina
47%
1Angola
46.4%
1Tanzania
46.4%
1Uganda
45.9%
1Belarus
45.3%
1Lebanon
44.8%
1Mozambique
44.8%
1Cameroon
43.6%
1Senegal
43.6%
1Sudan
42.5%
1Ivory Coast
40.3%
1Taiwan
36.5%
1Syria
36.5%

You're not logged in!

Compare scores with friends on all Sporcle quizzes.
OR
Log In

Show Comments

Extras

Top Quizzes Today


Score Distribution

Your Account Isn't Verified!

In order to create a playlist on Sporcle, you need to verify the email address you used during registration. Go to your Sporcle Settings to finish the process.

Report this User

Report this user for behavior that violates our Community Guidelines.

Details: